Karampoo/ (Record no. 22883)

000 -LEADER
fixed length control field 00367nam a22001571a 4500
020 ## - INTERNATIONAL STANDARD BOOK NUMBER
ISBN 9788171805334
082 ## - DEWEY DECIMAL CLASSIFICATION NUMBER
Classification number M3
Item number SKP/K
100 ## - MAIN ENTRY--AUTHOR NAME
Personal name S K Pottekkat
245 ## - TITLE STATEMENT
Title Karampoo/
Statement of responsibility, etc by S K Pottekkat
260 ## - PUBLICATION, DISTRIBUTION, ETC. (IMPRINT)
Place of publication Kozhikode:
Name of publisher Poorna,
Year of publication 1996.
300 ## - PHYSICAL DESCRIPTION
Number of Pages 68p.
650 ## - SUBJECT ADDED ENTRY--TOPICAL TERM
Topical Term Novel Malayalam
650 ## - SUBJECT ADDED ENTRY--TOPICAL TERM
Topical Term Literature Malayalam
650 ## - SUBJECT ADDED ENTRY--TOPICAL TERM
Topical Term Literature
942 ## - ADDED ENTRY ELEMENTS (KOHA)
Koha item type Book
Holdings
Withdrawn status Lost status Damaged status Not for loan Permanent Location Current Location Date acquired Cost, normal purchase price Full call number Accession Number Cost, replacement price Price effective from Koha item type Shelving location
Write off   Damaged 1 Sree Sankaracharya University of Sanskrit Sree Sankaracharya University of Sanskrit 08.01.2015 20.00 M3 POT KAR N96 029354 0.00 08.01.2015 Book  
        Sree Sankaracharya University of Sanskrit Sree Sankaracharya University of Sanskrit 08.01.2015 20.00 M3 SKP/K 098810 0.00   Book Stacks
        Sree Sankaracharya University of Sanskrit Sree Sankaracharya University of Sanskrit 15.02.2020 20.00 M3 SKP/K 098989   15.02.2020 Book Stacks